000 00652nam a2200253 a 4500
001 18617
003 BD-RjUL
005 20211209000317.0
008 140220s1961 enk 000 1 eng
035 _a(BD-RjUL)18675
035 _a(OCoLC)1373590
040 _aDLC
_cDLC
_dBD-RjUL
_beng
041 _aeng
082 0 0 _a823.9
_bBUD 1961
100 1 _aBurgess, Anthony,
_d1917-1993.
_93181
245 1 0 _aDevil of a state /
_cAnthony Burgess.
260 _aLondon :
_bHeinemann,
_cc1961.
300 _a282 p. ;
_c21 cm.
650 0 _aFiction.
_957336
942 _2ddc
_cBK
999 _c18617
_d18617